| 000 | 01916nmm a2200481 a 4500 | ||
|---|---|---|---|
| 003 | AR-BaBNM | ||
| 005 | 20251128211809.0 | ||
| 008 | 206020s2005 ||||||||||||||000 | spa|| | ||
| 040 | _cAR-BaBNM | ||
| 245 | 1 | 0 |
_aArticulación universidad-escuela media _bacciones del programa : experiencias para compartir |
| 250 | _a1ª ed. | ||
| 260 |
_aBuenos Aires _bMinisterio de Educación, Ciencia y Tecnología _c2005 |
||
| 300 | 0 | _a265 p. | |
| 610 | 2 | 4 | _aUniversidad Nacional de Misiones [Argentina] |
| 610 | 2 | 4 | _aUniversidad Nacional de Formosa [Argentina] |
| 610 | 2 | 4 | _aUniversidad Nacional del Centro de la Provincia de Buenos Aires[Argentina] |
| 610 | 2 | 4 | _aUniversidad de Entre Ríos [Argentina] |
| 610 | 2 | 4 | _aUniversidad de Santiago del Estero [Argentina] |
| 610 | 2 | 4 | _aUniversidad Nacional de General Sarmiento [Argentina] |
| 610 | 2 | 4 | _aUniversidad Nacional del Litoral [Argentina] |
| 610 | 2 | 4 | _aUniversidad Nacional de San Juan [Argentina] |
| 610 | 2 | 4 | _aUniversidad Nacional de San Luis [Argentina] |
| 610 | 2 | 4 | _aUniversidad Nacional del Comahue [Argentina] |
| 610 | 2 | 4 | _aUniversidad Nacional de Luján [Argentina] |
| 610 | 2 | 4 | _aUniversidad Nacional de Rosario [Argentina] |
| 610 | 2 | 4 | _aUniversidad Nacional de Córdoba [Argentina] |
| 610 | 2 | 4 | _aUniversidad Nacional de Cuyo [Argentina] |
| 610 | 2 | 4 | _aUniversidad Nacional del Nordeste [Argentina] |
| 610 | 2 | 4 | _aUniversidad Nacional de Rio Cuarto [Argentina] |
| 610 | 2 | 4 | _aUniversidad Nacional del Sur [Argentina] |
| 610 | 2 | 4 | _aUniversidad Nacional de Tucumán [Argentina] |
| 650 | 4 | _aENSENANZA UNIVERSITARIA | |
| 650 | 4 | _aUNIVERSIDADES | |
| 651 | 4 | _aArgentina | |
| 653 | 0 | _aARTICULACION DE NIVELES | |
| 653 | 0 | _aEDUCACION SECUNDARIA | |
| 653 | 0 | _aEDUCACION SUPERIOR | |
| 653 | 0 | _aNIVEL MEDIO | |
| 653 | 0 | _aEXPERIENCIAS EDUCATIVAS | |
| 700 | 1 |
_aPugliese, Juan Carlos _eeditor |
|
| 942 | _cBK | ||
| 998 | _cme-solo cat | ||
| 999 |
_c21162 _d21162 |
||